zpět

Detail výsledku týmu

The Pub Praha 2 ČT, Praha

Datum a čas kvízu

24 Celkem bodů Celkový počet nahraných bodů na tomto kvízu bez doplňovacích otázek.
14. Pořadí na kvízu Konečné umístění týmu na tomto kvízu.

Zaznamenané odpovědi

# Otázka Odpověď Body Výsledky
1. Společnost Lidl oznámila, že s... Na Příkopě 0
2. V uplynulém týdnu odstartovala... Donald Trump 1
3. V pátek večer ovládl udílení f... Cate Blanchettová 1
4. V pondělí představila společno... příchuť vesmíru 0
5. Po útoku na Ukrajinu odstoupil... Helsinky, Riga 0
6. Začneme z našeho pohledu nejzn... Bylo mu 38 let. (Uznáváme 36–40 let.) 0
7. Na Adolfa Hitlera bylo spáchán... Stauffenberg 0
8. Fanny Kaplanová byla ruskou po... B 0
9. Napište jméno kladenského rodá... Antonín Čermák, Franklin D. Roosevelt 0
10. Poslední bod tohoto tématu roz... Bénazír Bhuttová, Pákistán 0